<?xml version="1.0" encoding="UTF-8"?>
<record
    xmlns:xsi="http://www.w3.org/2001/XMLSchema-instance"
    xsi:schemaLocation="http://www.loc.gov/MARC21/slim http://www.loc.gov/standards/marcxml/schema/MARC21slim.xsd"
    xmlns="http://www.loc.gov/MARC21/slim">

  <leader>00536nam a22001577a 4500</leader>
  <controlfield tag="003">OSt</controlfield>
  <controlfield tag="005">20151102160108.0</controlfield>
  <controlfield tag="008">151102b        xxu||||| |||| 00| 0 eng d</controlfield>
  <datafield tag="040" ind1=" " ind2=" ">
    <subfield code="c">RUA</subfield>
  </datafield>
  <datafield tag="082" ind1=" " ind2=" ">
    <subfield code="a">FOR &#x17A0;&#x17BB;&#x1784;&#x200B;&#x200B; 1992&#x200B; B117 Or.1</subfield>
  </datafield>
  <datafield tag="100" ind1=" " ind2=" ">
    <subfield code="9">3208</subfield>
    <subfield code="a">&#x17A0;&#x17BB;&#x1784;&#x200B; &#x1794;&#x17C9;&#x17C4;&#x17A1;&#x17C1;&#x1784;</subfield>
  </datafield>
  <datafield tag="245" ind1=" " ind2=" ">
    <subfield code="a">&#x179F;&#x17BB;&#x179C;&#x17BB;&#x178C;&#x17D2;&#x178D;&#x17B7;&#x1780;&#x1798;&#x17D2;&#x1798;&#x1796;&#x17D2;&#x179A;&#x17C3;&#x179F;&#x1798;&#x17D2;&#x1794;&#x17B6;&#x1791;&#x17B6;&#x1793;&#x1781;&#x17C1;&#x178F;&#x17D2;&#x178F;&#x1796;&#x17D2;&#x179A;&#x17C7;&#x179C;&#x17B7;&#x17A0;&#x17B6;&#x179A; &#x1786;&#x17D2;&#x1793;&#x17B6;&#x17C6; &#x17E1;&#x17E9;&#x17E9;&#x17E2;</subfield>
  </datafield>
  <datafield tag="260" ind1=" " ind2=" ">
    <subfield code="a">Phnom Penh</subfield>
    <subfield code="b">RUA</subfield>
    <subfield code="c">1992</subfield>
  </datafield>
  <datafield tag="300" ind1=" " ind2=" ">
    <subfield code="a">80p.</subfield>
    <subfield code="b">ill.</subfield>
    <subfield code="c">29cm.</subfield>
  </datafield>
  <datafield tag="942" ind1=" " ind2=" ">
    <subfield code="2">ddc</subfield>
    <subfield code="c">FOR</subfield>
  </datafield>
  <datafield tag="999" ind1=" " ind2=" ">
    <subfield code="c">2995</subfield>
    <subfield code="d">2995</subfield>
  </datafield>
  <datafield tag="952" ind1=" " ind2=" ">
    <subfield code="0">0</subfield>
    <subfield code="1">0</subfield>
    <subfield code="2">ddc</subfield>
    <subfield code="4">0</subfield>
    <subfield code="6">FOR_&#x17A0;&#x17BB;&#x1784;_1992_B117_OR_1_000000000000000</subfield>
    <subfield code="7">0</subfield>
    <subfield code="9">14279</subfield>
    <subfield code="a">LBB</subfield>
    <subfield code="b">LBB</subfield>
    <subfield code="c">B117</subfield>
    <subfield code="d">2015-11-02</subfield>
    <subfield code="o">FOR &#x17A0;&#x17BB;&#x1784;&#x200B;&#x200B; 1992&#x200B; B117 Or.1</subfield>
    <subfield code="p">RUA026367</subfield>
    <subfield code="r">2015-11-02</subfield>
    <subfield code="w">2015-11-02</subfield>
    <subfield code="y">FOR</subfield>
  </datafield>
  <datafield tag="952" ind1=" " ind2=" ">
    <subfield code="0">0</subfield>
    <subfield code="1">0</subfield>
    <subfield code="2">ddc</subfield>
    <subfield code="4">0</subfield>
    <subfield code="6">FOR_&#x17A0;&#x17BB;&#x1784;_1992_B117_OR_2_000000000000000</subfield>
    <subfield code="7">0</subfield>
    <subfield code="9">14280</subfield>
    <subfield code="a">LBB</subfield>
    <subfield code="b">LBB</subfield>
    <subfield code="c">B117</subfield>
    <subfield code="d">2015-11-02</subfield>
    <subfield code="o">FOR &#x17A0;&#x17BB;&#x1784;&#x200B;&#x200B; 1992&#x200B; B117 Or.2</subfield>
    <subfield code="p">RUA026117</subfield>
    <subfield code="r">2015-11-02</subfield>
    <subfield code="w">2015-11-02</subfield>
    <subfield code="y">FOR</subfield>
  </datafield>
  <datafield tag="952" ind1=" " ind2=" ">
    <subfield code="0">0</subfield>
    <subfield code="1">0</subfield>
    <subfield code="2">ddc</subfield>
    <subfield code="4">0</subfield>
    <subfield code="6">FOR_&#x17A0;&#x17BB;&#x1784;_1992_B117_OR_3_000000000000000</subfield>
    <subfield code="7">0</subfield>
    <subfield code="9">14281</subfield>
    <subfield code="a">LBB</subfield>
    <subfield code="b">LBB</subfield>
    <subfield code="c">B117</subfield>
    <subfield code="d">2015-11-02</subfield>
    <subfield code="o">FOR &#x17A0;&#x17BB;&#x1784;&#x200B;&#x200B; 1992&#x200B; B117 Or.3</subfield>
    <subfield code="p">RUA026469</subfield>
    <subfield code="r">2015-11-02</subfield>
    <subfield code="w">2015-11-02</subfield>
    <subfield code="y">FOR</subfield>
  </datafield>
  <datafield tag="952" ind1=" " ind2=" ">
    <subfield code="0">0</subfield>
    <subfield code="1">0</subfield>
    <subfield code="2">ddc</subfield>
    <subfield code="4">0</subfield>
    <subfield code="6">FOR_&#x17A0;&#x17BB;&#x1784;_1992_B117_OR_4_000000000000000</subfield>
    <subfield code="7">0</subfield>
    <subfield code="9">14282</subfield>
    <subfield code="a">LBB</subfield>
    <subfield code="b">LBB</subfield>
    <subfield code="c">B117</subfield>
    <subfield code="d">2015-11-02</subfield>
    <subfield code="o">FOR &#x17A0;&#x17BB;&#x1784;&#x200B;&#x200B; 1992&#x200B; B117 Or.4</subfield>
    <subfield code="p">RUA026238</subfield>
    <subfield code="r">2015-11-02</subfield>
    <subfield code="w">2015-11-02</subfield>
    <subfield code="y">FOR</subfield>
  </datafield>
</record>
